<?xml version="1.0" encoding="UTF-8"?>
<marc:record xmlns:marc="http://www.loc.gov/MARC21/slim">
   <marc:leader>00000nam a2200000 a 4500</marc:leader>
   <marc:datafield ind1="1" ind2=" " tag="100">
      <marc:subfield code="a">Trimmel, Maria</marc:subfield>
      <marc:subfield code="4">aut</marc:subfield>
      <marc:subfield code="e">Verfasser/-in</marc:subfield>
   </marc:datafield>
   <marc:datafield ind1=" " ind2=" " tag="653">
      <marc:subfield code="a">s||Schriftliche Hausarbeit</marc:subfield>
   </marc:datafield>
   <marc:datafield ind1=" " ind2=" " tag="653">
      <marc:subfield code="a">Bibliothek / Gründung</marc:subfield>
   </marc:datafield>
   <marc:datafield ind1=" " ind2=" " tag="653">
      <marc:subfield code="a">Bibliothek / Geschichte / Einzelne Bibliotheken</marc:subfield>
   </marc:datafield>
   <marc:datafield ind1=" " ind2=" " tag="653">
      <marc:subfield code="a">Pfarrbibliothek / Allgemeines</marc:subfield>
   </marc:datafield>
   <marc:datafield ind1=" " ind2=" " tag="653">
      <marc:subfield code="a">s||Pressbaum &lt;Pfarrei&gt;</marc:subfield>
   </marc:datafield>
   <marc:datafield ind1="0" ind2="0" tag="245">
      <marc:subfield code="a">Chronik der Öffentlichen Bibliothek Pressbaum</marc:subfield>
   </marc:datafield>
   <marc:datafield ind1="0" ind2="0" tag="245">
      <marc:subfield code="b">die Entwicklung der Bibliothek unter besonderer Berücksichtigung der Schwierigkeiten :-(, die während des Aufbaus und im ersten Jahr des Bestehens aufgetreten sind ; durchgeführte Problemlösungen :-) bzw. geplante Möglichkeiten für die Zukunft :-|</marc:subfield>
   </marc:datafield>
   <marc:datafield ind1="0" ind2="0" tag="245">
      <marc:subfield code="c">Maria Trimmel</marc:subfield>
   </marc:datafield>
   <marc:datafield ind1=" " ind2="1" tag="264">
      <marc:subfield code="a">Pressbaum</marc:subfield>
      <marc:subfield code="b">Öffentliche Bibliothek der Pfarre Pressbaum</marc:subfield>
      <marc:subfield code="c">2000</marc:subfield>
   </marc:datafield>
   <marc:datafield ind1="1" ind2=" " tag="490">
      <marc:subfield code="a">EA-Kurs 34</marc:subfield>
   </marc:datafield>
   <marc:datafield ind1="1" ind2=" " tag="520">
      <marc:subfield code="a">An den Beginn ihrer Projektarbeit stellt die Bibliotheksleiterin eine detaillierte Chronik der Entstehung der Pfarrbibliothek Pressbaum. Danach beschreibt sie die Ausgangssitutation, die Ausstattung, Organisation und Verwaltung, die Finanzierung, Veranstaltungen und Tätigkeiten, die eigentlich nicht zur Bibliotheksarbeit zählen, aber auch von den BibliotheksmitarbeiterInnen wahrgenommen werden. Im Anhang befinden sich ein Bibliotheksprofil und eine Sozialraumanalyse.</marc:subfield>
   </marc:datafield>
   <marc:datafield ind1=" " ind2=" " tag="300">
      <marc:subfield code="a">15 S. : zahlr. Ill.</marc:subfield>
   </marc:datafield>
</marc:record>
